Etats des Etats-Unis: Population et Superficie - Statistiques

Statistiques générales
  • Ce quiz a été pris 398 fois
  • Le résultat moyen est 27 sur 31
Statistiques - réponses
Réponse % Correct
Texas
100%
New York
99%
Californie
98%
Floride
97%
Alaska
95%
Dakota du Nord
90%
Rhode Island
90%
Dakota du Sud
89%
Hawaï
89%
Maine
89%
Nevada
89%
Nouveau-Mexique
89%
Arizona
88%
Caroline du Nord
87%
Illinois
86%
Montana
86%
Ohio
86%
Géorgie
85%
Oregon
85%
Vermont
85%
Wyoming
85%
Colorado
84%
New Jersey
84%
Delaware
83%
Massachusetts
82%
Pennsylvanie
82%
Connecticut
81%
Michigan
81%
New Hampshire
81%
Virginie-Occidentale
80%
Maryland
75%
Aucun quiz correspondant
Distribution des résultats
% des personnes avec chaque résultat
Percentile par nombre de réponses
Votre historique - résultats
Vous n’avez pas pris ce quiz